تحميل...
Apple cart /
| المؤلف الرئيسي: | |
|---|---|
| مؤلفون آخرون: | |
| التنسيق: | Printed Book |
| اللغة: | English |
| منشور في: |
Orient Longman,
1955.
|
| الموضوعات: |
| LEADER | 00458nam a2200145Ia 4500 | ||
|---|---|---|---|
| 008 | 150624b xxu||||| |||| 00| d eng d | ||
| 082 | |a 822.8S1 | ||
| 100 | |a Shaw, Bernard | ||
| 245 | |a Apple cart / |c Bernard Shaw | ||
| 260 | |b Orient Longman, |c 1955. | ||
| 650 | |v Drama | ||
| 700 | |a Ward, A. C. |e editor. | ||
| 942 | |c BK | ||
| 999 | |c 8191 |d 8191 | ||
| 952 | |0 1 |1 0 |4 0 |6 822_000000000000000_8S1_APP |7 0 |9 8190 |a UL |b UL |c ST1 |d 1998-09-24 |l 0 |o 822.8S1 APP |p 12929 |r 2012-10-27 |w 2012-10-27 |y BK | ||